000 00875nam a2200241 i 4500
001 183594
003 ES-MaACL
005 20231107144334.0
008 140725s2001 vm eo |||| |deng d
080 _a72:299.512
100 1 _aSagemueller, Ernst.
_9155098
245 1 0 _aVan Miêu
_b: the temple of literature /
_cby Ernst Sagemueller ; photos, The Thuc-Hoang The Nhiem ; designer, Nguyen Kien.
260 _a[Hanoi, Vietnam] :
_bVNA Publishing House,
_c2001.
300 _a89 p. (1 pleg.) :
_bfot. col., plano ;
_c21 cm.
505 8 _aContiene: ;
_tLunyu of Confucius(
_gp. 88-89)
610 2 4 _aVan Mieu (Hanoi)
_9155100
650 0 4 _aConfucianismo.
_911279
740 3 _aThe temple of literature.
740 0 _aLunyu of Confucius.
852 _aES-MaACL
_jA-13193
_9190536
_bR.149942
_cDEPO1
_dOlim: N-6193
942 _2udc
_cMONOGRAFIA
999 _c183594
_d183594